Statystyki dla Które święto przynosi kwiaciarzom zyski większe niż zwykle?

Kliknij tutaj aby rozwiązać quiz!

Ogólne statystyki

  • Ten quiz został rozwiązany 24 razy
  • Średni wynik to 3 z 5

Statystyki odpowiedzi

Odpowiedź% Poprawnych
Dzień kobiet
88%
Walentynki
75%
Wszystkich świętych
63%
Dzień nauczyciela
29%
Zakończenie roku szkolonego
0%

Rozkład punktacji

Percentyl według liczby udzielonych odpowiedzi

Procent ludzi z każdym wynikiem

Twoja historia wyników

Nie rozwiązałeś tego quizu